[Event "Tirnavia"]
[Site "Trnava"]
[Date "1986.??.??"]
[Round "2"]
[White "Blatny, Pavel"]
[Black "Tseshkovsky, Vitaly"]
[Result "1/2-1/2"]
[WhiteElo "2415"]
[BlackElo "2455"]

1.e4 e5 2.Nf3 Nc6 3.d4 exd4 4.Bc4 Nf6 5.O-O d6 6.Nxd4 Be7 7.Re1 O-O 8.Nc3 Nxd4
9.Qxd4 Ng4 10.Bf4 Bh4 11.Re2 Bf6 12.Qd2 Ne5 13.Bb3 Bg4 14.f3 Be6 15.Nd5 Bxd5
16.Bxd5 Ng6 17.Bg3 c6 18.Bb3 Bxb2 19.Rd1 Qf6 20.Qb4 Be5 21.Qxb7 Nf4 22.Red2 c5
23.Bf2 Ne6 24.Bxe6 Qxe6 25.Qd5 Rac8 26.g3 g5 27.Be3 Qe7 28.Rg2 Kh8 29.f4 gxf4
30.gxf4 Bg7 31.Kh1 Rg8 32.Rdg1 Bf6 33.Qf5 Rce8 34.Rxg8+ Rxg8 35.Rg3 Rg6 36.Qc8+ Qd8
37.Qb7 Qe8 38.Kg2 Bh4 39.Rxg6 hxg6 40.Qd5 Qd7 41.h3 Qe8 42.Kf3 Qd7 43.f5 gxf5
44.exf5 Bf6 45.c4 Be5 46.Kg4 Qe8 47.Kf3 Qa4 48.Qxf7 Qd1+ 49.Ke4 Qh1+  1/2-1/2

[Event "Tirnavia"]
[Site "Trnava"]
[Date "1986.??.??"]
[Round "3"]
[White "Mokry, Karel"]
[Black "Blatny, Pavel"]
[Result "1-0"]
[WhiteElo "2520"]
[BlackElo "2415"]

1.e4 e5 2.Nf3 Nc6 3.Bb5 a6 4.Ba4 Nf6 5.d3 b5 6.Bb3 Be7 7.c3 d6 8.Nbd2 O-O
9.O-O Re8 10.Re1 h6 11.Nf1 Bf8 12.Ng3 Na5 13.Bc2 c5 14.h3 Bb7 15.d4 cxd4
16.cxd4 exd4 17.Nxd4 d5 18.e5 Ne4 19.Ngf5 Nc4 20.f3 Nc5 21.b4 Ne6 22.Nxh6+ gxh6
23.Qd3 Bg7 24.Qh7+ Kf8 25.Nf5 Qb6+ 26.Kh1  1-0

[Event "Tirnavia"]
[Site "Trnava"]
[Date "1986.??.??"]
[Round "5"]
[White "Priehoda, Vitezslav"]
[Black "Blatny, Pavel"]
[Result "0-1"]
[WhiteElo "2370"]
[BlackElo "2415"]

1.d4 Nf6 2.c4 e6 3.Nf3 d5 4.Nc3 Bb4 5.Qa4+ Nc6 6.a3 Bxc3+ 7.bxc3 Bd7 8.cxd5 exd5
9.Qc2 O-O 10.Bg5 h6 11.Bh4 g5 12.Bg3 Ne4 13.e3 Bf5 14.Bd3 Na5 15.Nd2 Re8
16.Be5 f6 17.Bxe4 dxe4 18.Bg3 c5 19.O-O cxd4 20.cxd4 Rc8 21.Qb2 Qd5 22.Rac1 b6
23.Rfe1 Kg7 24.Qb4 Kg6 25.h4 Rc6 26.Rxc6 Qxc6 27.Nb3 Nxb3 28.Qxb3 Be6 29.Qb4 Bd5
30.Rb1 Kh5 31.hxg5 hxg5 32.Qb5 Rc8 33.Qxc6 Rxc6 34.Bb8 a6 35.Ba7 b5 36.Bc5 Kg4
37.Kf1 f5 38.Ke2 Rh6 39.Rg1 f4 40.exf4 gxf4 41.Bf8 Re6 42.g3 Bc4+ 43.Ke1 f3
44.Rh1 Kg5 45.Bc5 Bd5 46.Rh7 e3 47.fxe3 Rxe3+ 48.Kf1 Bc4+ 49.Kf2 Rb3 50.Rg7+ Kf6
51.Ra7 Bd5 52.Re7 Rb2+  0-1

[Event "Tirnavia"]
[Site "Trnava"]
[Date "1986.??.??"]
[Round "6"]
[White "Blatny, Pavel"]
[Black "Plachetka, Jan"]
[Result "0-1"]
[WhiteElo "2415"]
[BlackElo "2430"]

1.e4 c5 2.c3 d5 3.exd5 Nf6 4.Bb5+ Nbd7 5.d4 Qb6 6.c4 cxd4 7.Ne2 e5 8.dxe6 fxe6
9.Nxd4 Bc5 10.Be3 O-O 11.O-O Ne5 12.Nc3 Neg4 13.h3 Nxe3 14.fxe3 e5 15.Na4 Qc7
16.Nxc5 Qxc5 17.Nc2 Be6 18.b4 Qb6 19.a4 a5 20.bxa5 Rxa5 21.Qe1 Raa8 22.Qb4 Ne4
23.Qe7 Qd6 24.Qxb7 Qd3 25.Bc6 Nc3 26.Qe7 Bxc4 27.Bxa8 Rxf1+ 28.Rxf1 Qxf1+
29.Kh2 Ne2 30.Qe8+ Qf8 31.Qc6 Bb3 32.a5 e4 33.Qb6 Bc4 34.Qb4 Qc8 35.g3 Qc7
36.Qe1 Bd3 37.Bd5+ Kh8 38.Qf2 Qd6 39.Bxe4 Bxe4 40.Qxe2 Qc5 41.Qd2 Qxc2 42.Qxc2 Bxc2
43.a6 Be4 44.h4 Kg8 45.g4 Kf7 46.Kg3 Ke6 47.Kf4 Ba8 48.Kg5 Ke5 49.h5 Be4
50.Kh4 h6 51.a7 Ba8 52.Kg3 Ke4 53.Kf2 Kd3 54.g5 Bb7 55.gxh6 gxh6  0-1

[Event "Tirnavia"]
[Site "Trnava"]
[Date "1986.??.??"]
[Round "7"]
[White "Raicevic, Momcilo"]
[Black "Blatny, Pavel"]
[Result "1/2-1/2"]
[WhiteElo "2410"]
[BlackElo "2415"]

1.c4 e6 2.g3 d5 3.Bg2 Nf6 4.b3 Be7 5.Nf3 c5 6.O-O Nc6 7.e3 O-O 8.Bb2 b6 9.Qe2 Bb7
10.Rd1 Qc7 11.Nc3 Rac8 12.cxd5 exd5 13.d4 Rfd8 14.Rac1 Qd7 15.dxc5 bxc5 16.Na4 Ne4
17.Nd2 Qf5 18.Qf3 Qxf3 19.Nxf3 Nb4 20.a3 Nc6 21.Bh3 Rb8 22.Ne1 Ba8 23.Bg2 Rxb3
24.Nd3 c4 25.Nf4 c3 26.Nxd5 Rxd5 27.Rxd5 cxb2 28.Nxb2 Nc3 29.Rd2 Bxa3 30.Rcc2 g6
31.Nd1 Bb4 32.Nxc3 Bxc3 33.Rd1 Nb4 34.Rxc3 Rxc3 35.Rd8+ Kg7 36.Rxa8 Ra3 37.Bf1 a5
38.Ra7 Nc6 39.Rc7 Ne5 40.f4 Ng4 41.Bc4 Ra1+ 42.Kg2 Nxe3+ 43.Kf3 Nxc4 44.Rxc4 a4
45.Kg4 h5+ 46.Kh4 a3 47.Ra4 Ra2 48.h3 Ra1 49.Ra8 Kf6 50.Ra5 Ra2 51.f5 gxf5
52.Kxh5 Ra1 53.Ra6+ Ke5 54.Kg5 Kd4 55.h4 Kc3 56.h5 Kb3 57.Kxf5 Rf1+ 58.Kg5 a2
59.g4 Kb2 60.Rb6+ Kc3 61.Ra6 a1=Q 62.Rxa1 Rxa1 63.Kf6 Kd4 64.Kxf7 Ra6 65.Kg7  1/2-1/2

[Event "Tirnavia"]
[Site "Trnava"]
[Date "1986.??.??"]
[Round "9"]
[White "Paehtz, Thomas Sr"]
[Black "Blatny, Pavel"]
[Result "1-0"]
[WhiteElo "2395"]
[BlackElo "2415"]

1.d4 Nf6 2.c4 e6 3.Nc3 d5 4.cxd5 exd5 5.Bg5 c6 6.Qc2 Be7 7.e3 h6 8.Bf4 Be6
9.Nf3 Nbd7 10.h3 O-O 11.Bd3 c5 12.O-O c4 13.Bf5 a6 14.Ne5 Nxe5 15.dxe5 Nd7
16.Rfd1 Nc5 17.Rd4 Nd3 18.Bxd3 cxd3 19.Rxd3 Qa5 20.Qd1 Rfd8 21.a3 Rd7 22.e4 d4
23.Rxd4 Rxd4 24.Qxd4 Bc5 25.Qd2 Rd8 26.Qc2 Bd4 27.Rd1 Qb6 28.Nd5 Bxd5 29.exd5 Qxb2
30.Qxb2 Bxb2 31.a4 g5 32.Bh2 b5 33.axb5 axb5 34.d6 Kf8 35.Rb1 Ra8 36.f4 Ra1
37.Rxa1 Bxa1 38.Kf1 b4 39.Ke2 b3 40.Kd3 gxf4 41.Bxf4 h5 42.Bg5 Ke8 43.Bf6 Bd4
44.d7+  1-0

[Event "Tirnavia"]
[Site "Trnava"]
[Date "1986.??.??"]
[Round "10"]
[White "Blatny, Pavel"]
[Black "Lanc, Alois"]
[Result "0-1"]
[WhiteElo "2415"]
[BlackElo "2385"]

1.e4 e5 2.Nf3 Nc6 3.Bb5 Bc5 4.O-O Qf6 5.d3 Nge7 6.Re1 a6 7.Bxc6 Nxc6 8.d4 Ba7
9.Bg5 Qg6 10.Bh4 f6 11.d5 Ne7 12.d6 cxd6 13.c4 Qf7 14.Qxd6 Qxc4 15.Nxe5 Qe6
16.Qxe6 dxe6 17.Nc4 e5 18.Nc3 b5 19.Nd6+ Kd7 20.Red1 Ke6 21.Kf1 Bd4 22.Nxc8 Rhxc8
23.Rac1 Rc4 24.f3 Rac8 25.Be1 b4 26.Ne2 Bxb2 27.Rxc4 Rxc4 28.Rb1 Ba3 29.Bd2 a5
30.Ke1 g6 31.Kd1 f5 32.exf5+ Nxf5 33.g3 Kd5 34.Rb3 Nd4 35.Nxd4 exd4 36.g4 Rc7
37.h3 Rf7 38.Ke2 Kc4 39.f4 a4 40.Rb1 Re7+ 41.Kf3 b3 42.axb3+ axb3 43.f5 gxf5
44.gxf5 b2  0-1

[Event "Tirnavia"]
[Site "Trnava"]
[Date "1986.??.??"]
[Round "13"]
[White "Kouatly, Bachar"]
[Black "Blatny, Pavel"]
[Result "0-1"]
[WhiteElo "2445"]
[BlackElo "2415"]

1.d4 Nf6 2.c4 e6 3.Nf3 d5 4.Nc3 Bb4 5.cxd5 exd5 6.Bg5 h6 7.Bh4 g5 8.Bg3 Ne4
9.Nd2 Nxc3 10.bxc3 Bxc3 11.Rc1 Ba5 12.e4 dxe4 13.Rc5 c6 14.Be5 Rg8 15.Rxa5 Qxa5
16.Bc4 Nd7 17.Qb3 Nxe5 18.dxe5 Rf8 19.Qb2 Bf5 20.Qxb7 Rd8 21.Qxc6+ Bd7 22.Qd5 Qxd5
23.Bxd5 Bf5 24.Nxe4 Bxe4 25.Bxe4 Ke7 26.Ke2 Ke6 27.h4 Kxe5 28.Bc2 g4 29.Rf1 Rfe8
30.Ba4 Re7 31.Rc1 Rd4 32.Bb3 a5 33.a4 Rb4 34.Bd1 Kd4+ 35.Kf1 Kd3 36.Rc6 Rd4
37.g3 Kd2 38.Bb3 Rb4 39.Bd5 Rxa4 40.Rxh6 Rd4 41.Ba2 Kc3 42.Rh5 Rd1+ 43.Kg2 Ree1
44.Bd5 a4 45.Bc6 a3 46.Ra5 Ra1 47.h5 a2 48.Kh2 Re2 49.h6 Rxf2+ 50.Bg2 Rf6
51.Rh5 Rd1 52.h7 Rd8 53.Rc5+ Kb3 54.Bd5+ Kb4  0-1

[Event "Wch U20"]
[Site "Baguio"]
[Date "1987.??.??"]
[Round "?"]
[White "Blatny, Pavel"]
[Black "Klinger, Josef"]
[Result "1-0"]
[WhiteElo "2435"]
[BlackElo "2490"]

1.e4 e6 2.d4 d5 3.Nc3 Bb4 4.e5 c5 5.a3 Bxc3+ 6.bxc3 Ne7 7.Qg4 O-O 8.Nf3 f5
9.exf6 Rxf6 10.Bg5 Nd7 11.dxc5 Rf7 12.Bb5 Nxc5 13.O-O a6 14.Qd4 Qd6 15.Be3 Ne4
16.Bd3 Nc6 17.Qb6 Nf6 18.Ng5 Rd7 19.f4 h6 20.Bc5 Qb8 21.Nxe6 Ne4 22.Bxe4 dxe4
23.Rae1 Rf7 24.Nd8 Rf6 25.Nxc6 Rxc6 26.Qd8+ Kh7 27.Bd4 Bf5 28.Qd5 Qf8 29.Re3 Rd8
30.Qa5 Rg6 31.h3 Rd7 32.Kh2 Qf7 33.Qb4 h5 34.Qb1 Qe7 35.Qb4 Qh4 36.Qf8 Rd5
37.a4 a5 38.Qf7 Be6 39.Qxb7 Rd7 40.Qb8 Rf7 41.Qe5 Bf5 42.Qxa5 Bg4 43.Rg3 Qxg3+
44.Kxg3 Bf3+ 45.Qg5  1-0

[Event "Wch U20"]
[Site "Baguio"]
[Date "1987.??.??"]
[Round "?"]
[White "Sevillano, Enrico"]
[Black "Blatny, Pavel"]
[Result "1/2-1/2"]
[WhiteElo "2315"]
[BlackElo "2435"]

1.e4 c5 2.c3 d5 3.exd5 Qxd5 4.d4 Nf6 5.Nf3 Nc6 6.Be2 cxd4 7.cxd4 e6 8.O-O Be7
9.Nc3 Qd6 10.Bg5 O-O 11.Qd2 Rd8 12.Rfd1 b6 13.Nb5 Qd7 14.Ne5 Nxe5 15.dxe5 Qxd2
16.Rxd2 Rxd2 17.exf6 Rxe2 18.fxe7 Bd7 19.Rd1 f6 20.Nc3 Rxb2 21.Rxd7 Re8 22.Be3 Kf7
23.Rxa7 Rc8 24.Nd1 Rb1 25.Rd7 Rc7 26.Rd4 Kxe7 27.Kf1 Rc2 28.a3 Rb3 29.Rb4 Rxa3
30.Rxb6 Ra1 31.Ke1 Rc7 32.Rb2 Rd7 33.Bd2 e5 34.Ke2 Ke6 35.Ne3 Ra6 36.Nc4 Rd4
37.Nb6 Rd6 38.Nc4 Rd4 39.Ne3 g6 40.Nd1 h5 41.Be3 Rc4 42.f3 Rac6 43.Kd3 Ra4
44.Bd2 Ra1 45.Ke2 Raa6 46.Nf2 Rab6 47.Ra2 Ra6 48.Rb2  1/2-1/2

[Event "Wch U20"]
[Site "Baguio"]
[Date "1987.??.??"]
[Round "?"]
[White "Mohammed, A."]
[Black "Blatny, Pavel"]
[Result "0-1"]
[WhiteElo "2205"]
[BlackElo "2435"]

1.e4 g6 2.d4 Bg7 3.Nf3 c6 4.a4 d6 5.h3 Nd7 6.Bc4 e6 7.Nc3 Ne7 8.Be3 d5 9.Be2 O-O
10.Qd2 dxe4 11.Nxe4 f5 12.Nc3 Nf6 13.O-O Ned5 14.Nxd5 Ne4 15.Ne7+ Qxe7 16.Qc1 c5
17.Bc4 Kh8 18.Ne5 f4 19.Bxf4 cxd4 20.Bd3 Qf6 21.g3 g5 22.Bxe4 gxf4 23.Ng4 Qe7
24.Ra3 e5 25.Kg2 Be6 26.Qd1 Qd7 27.gxf4 Rxf4 28.f3 Rg8 29.Kh2 Bf8 30.Ra1 Qe7
31.Qe1 Qg5 32.Rg1 Qh5 33.Nf2 Bg7 34.Rg3 Rgf8 35.Qg1 Bh6 36.Qg2 R8f6 37.Kg1 Qf7
38.Ra3  0-1

[Event "Wch U20"]
[Site "Baguio"]
[Date "1987.??.??"]
[Round "?"]
[White "Mousa, A."]
[Black "Blatny, Pavel"]
[Result "0-1"]
[WhiteElo "2205"]
[BlackElo "2435"]

1.d4 Nf6 2.c4 d6 3.Nc3 Nbd7 4.g3 e5 5.Bg2 c6 6.e4 Be7 7.Nf3 O-O 8.O-O Re8
9.h3 Qc7 10.Be3 exd4 11.Nxd4 Bf8 12.Rb1 a5 13.a3 Nc5 14.Qc2 g6 15.b4 Ncd7
16.b5 c5 17.Nde2 Nb6 18.Bg5 Nfd7 19.Nf4 f6 20.Nfd5 Qd8 21.Bf4 Kh8 22.Nxb6 Nxb6
23.Nd5 Nxd5 24.exd5 Bf5 25.Qb2 Bxb1 26.Rxb1 b6 27.h4 Bg7 28.Qd2 Qd7 29.Bf3 Re7
30.Kg2 Rae8 31.Rh1 Kg8 32.Qd1 h6 33.Bg4 f5 34.Bf3 Kh7 35.Qd2 Rf7 36.Qc1 Qe7
37.Qc2 Qf6 38.Qc1 Rd7 39.Be3 h5 40.a4 Qc3 41.Qxc3 Bxc3 42.Rc1 Bg7 43.Bf4 Bh6
44.Kf1 Bxf4 45.gxf4 Rde7 46.Rd1 Kg7 47.Rc1 Rf8 48.Re1 Rxe1+ 49.Kxe1 Re8+
50.Kd2 Kf6 51.Bg2 g5 52.hxg5+ Kg6 53.f3 h4 54.Bh3 Re7 55.Bf1 h3 56.Bxh3 Rh7
57.Bf1 Rh1 58.Be2 Ra1 59.Bd1 Ra3 60.Ke1 Rd3 61.Be2 Rd4 62.Kf2 Rxf4 63.Ke3 Kxg5
64.Bd3 Rh4 65.Be2 f4+ 66.Ke4 Rh2 67.Kd3 Rh1 68.Kd2 Kh4  0-1

[Event "Wch U20"]
[Site "Baguio"]
[Date "1987.??.??"]
[Round "?"]
[White "Blatny, Pavel"]
[Black "Martin del Campo, Roberto"]
[Result "1-0"]
[WhiteElo "2435"]
[BlackElo "2215"]

1.e4 c5 2.b3 Nc6 3.Bb2 Nf6 4.e5 Nd5 5.Nf3 e6 6.g3 Be7 7.Bg2 O-O 8.O-O b5
9.d4 cxd4 10.Nxd4 Nxd4 11.c4 Nb4 12.Bxa8 Ndc6 13.a3 Na6 14.b4 Nc7 15.Bxc6 dxc6
16.Qf3 Bb7 17.Nc3 Qc8 18.Ne4 c5 19.bxc5 Bxc5 20.Qg4 Na6 21.Rad1 Qc6 22.Rfe1 Kh8
23.h4 Qc7 24.Rd6 Bxe4 25.Qxe4 Bxd6 26.exd6 Qc8 27.Qe5 f6 28.Qh5 Qd8 29.Rxe6 Nc5
30.Bxf6 Nxe6 31.Bxd8 Nxd8 32.d7 Kg8 33.Qe8 Nb7 34.c5  1-0

[Event "Wch U20"]
[Site "Baguio"]
[Date "1987.??.??"]
[Round "?"]
[White "Agdestein, Simen"]
[Black "Blatny, Pavel"]
[Result "1/2-1/2"]
[WhiteElo "2565"]
[BlackElo "2435"]

1.d4 Nf6 2.Nf3 e6 3.c4 d5 4.Nc3 Bb4 5.g3 dxc4 6.Bg2 c5 7.O-O O-O 8.dxc5 Nc6
9.Bg5 Qxd1 10.Rfxd1 Nd7 11.Nd4 Nxd4 12.Rxd4 f6 13.c6 bxc6 14.Bxc6 Rb8 15.Bxd7 fxg5
16.Ne4 Be7 17.Bxc8 Rfxc8 18.Rd7 Kf8 19.b3 a5 20.Rc1 cxb3 21.Rxc8+ Rxc8 22.axb3 Rb8
23.Nd2 Bb4 24.Nf3 h6 25.Nd4 Rb6 26.Rc7 g4 27.Kf1 g6 28.e3 e5 29.Rc6 Rxc6
30.Nxc6 Bc3 31.Ke2 e4 32.Kd1 h5 33.Kc2 Be1 34.Kd1 Bxf2 35.Ke2 Bg1 36.Nxa5 g5
37.Kf1 Bxe3 38.Nc4 Bc5 39.Nd2 e3 40.Ne4 Bd4 41.Nd6 Bc5 42.Nf5 Kf7 43.Ke2 Ke6
44.Nxe3 Bd6 45.Kd3 Bb4 46.Nc2  1/2-1/2

[Event "Namestovo"]
[Site "Namestovo"]
[Date "1987.??.??"]
[Round "1"]
[White "Mokry, Karel"]
[Black "Blatny, Pavel"]
[Result "0-1"]
[WhiteElo "2485"]
[BlackElo "2405"]

1.b3 e5 2.Bb2 Nc6 3.e3 g6 4.Nf3 Bg7 5.d4 e4 6.Nfd2 f5 7.c4 Nge7 8.Nc3 O-O
9.g3 g5 10.h4 g4 11.a3 h5 12.Ne2 Ng6 13.Qc2 Rb8 14.Nb1 Nce7 15.Nbc3 c6 16.Nf4 Nxf4
17.gxf4 d5 18.Ne2 Kf7 19.Ng3 Rh8 20.O-O-O Be6 21.Kb1 Rc8 22.Rc1 Bf6 23.Be2 Ng6
24.Rh2 Bxh4 25.Rch1 Bxg3 26.fxg3 h4 27.gxh4 Rxh4 28.Bxg4 Rxg4 29.Rh7+ Kf6
30.R1h6 Rc7 31.cxd5 Bxd5 32.Rh8 Qxh8 33.Rxh8 Nxh8 34.Qc5 Rd7 35.Qxa7 Rh7
36.Qb8 Nf7  0-1

[Event "Namestovo"]
[Site "Namestovo"]
[Date "1987.??.??"]
[Round "2"]
[White "Blatny, Pavel"]
[Black "Paunovic, Dragan"]
[Result "1-0"]
[WhiteElo "2405"]
[BlackElo "2450"]

1.e4 c5 2.b3 Nc6 3.Bb2 e5 4.f4 d6 5.Nf3 Bg4 6.Bc4 Nf6 7.h3 Bxf3 8.Qxf3 Be7
9.Bb5 exf4 10.O-O O-O 11.Bxc6 bxc6 12.Nc3 Nd7 13.Ne2 Ne5 14.Qxf4 Bg5 15.Qg3 Bh4
16.Qh2 Bf6 17.Rab1 g6 18.Qg3 Bg7 19.Kh1 Qd7 20.d3 Rae8 21.Nc3 Qe6 22.Rbe1 Nd7
23.Nd1 Bxb2 24.Nxb2 Qe5 25.Qxe5 Nxe5 26.Nd1 h5 27.g3 f6 28.Kg2 Kf7 29.Nc3 Kg7
30.Ne2 Nf7 31.Ng1 Ng5 32.h4 Ne6 33.Nf3 Nd4 34.Rf2 Nxf3 35.Rxf3 Re6 36.Rfe3 Rfe8
37.Kf3 g5 38.Rh1 Kg6 39.Re2 Re5 40.g4 hxg4+ 41.Kxg4 d5 42.hxg5 Rxg5+ 43.Kf3 f5
44.exd5 Rxe2 45.Kxe2 cxd5 46.Kf3 Kg7 47.c3 c4 48.bxc4 dxc4 49.d4 Rg6 50.Kf4 Ra6
51.Kxf5 Rxa2 52.Ke5 Rc2 53.d5 Rxc3 54.d6 Kf7 55.Rh7+ Ke8 56.Re7+ Kd8 57.Rxa7 Rb3
58.Ke6 Re3+ 59.Kd5 Rb3 60.Kc6 Rb8 61.Rh7 Rc8+ 62.Kd5 c3 63.Ke6  1-0

[Event "Namestovo"]
[Site "Namestovo"]
[Date "1987.??.??"]
[Round "8"]
[White "Blatny, Pavel"]
[Black "Trapl, Jindrich"]
[Result "1/2-1/2"]
[WhiteElo "2405"]
[BlackElo "2415"]

1.e4 c5 2.f4 d5 3.exd5 Nf6 4.Bb5+ Bd7 5.Bxd7+ Qxd7 6.c4 e6 7.dxe6 Qxe6+ 8.Qe2 Nc6
9.Qxe6+ fxe6 10.Na3 Bd6 11.Nh3 O-O-O 12.O-O e5 13.d3 Nb4 14.Nb5 Bb8 15.fxe5 Bxe5
16.Nxa7+ Kb8 17.Nb5 Nxd3 18.Ng5 Ng4 19.g3 Rhf8 20.Rxf8 Rxf8 21.h3 Nf6 22.Ne6 Re8
23.Nf4 Ne1 24.Rb1 g5 25.Ne2 Ne4 26.Be3 Nc2 27.Bf2 Rf8 28.Be1 Ne3 29.Bc3 Bxc3
30.Nbxc3 Nd2 31.Rc1 Nf3+ 32.Kh1 Nd4 33.Nxd4 cxd4 34.Ne4 d3 35.Kg1 Re8 36.Nd2 Nf5
37.g4 Ng3 38.Rd1 Ne2+ 39.Kf1 Nf4 40.Nf3 h6 41.Rd2 Re3 42.Kf2 Re4 43.h4 Rxc4
44.hxg5 hxg5 45.Nxg5 Ng6 46.Nf3 Rxg4 47.Ne1 Ne5 48.Nxd3 Nxd3+ 49.Rxd3 Rh4
50.Ke3 Rh2 51.Rd2 Rh4 52.Kd3 Kc7 53.Kc3 Kc6 54.Rd4 Rh3+ 55.Rd3 Rh4 56.Rg3 Rf4
57.b3 Rh4 58.a4 Rf4 59.Rg6+ Kc7 60.a5 Rf7 61.b4 Rh7 62.Re6 Rh3+ 63.Kc4 Rh4+
64.Kb5 Rh5+ 65.Ka4 Rh4 66.Re3  1/2-1/2

[Event "Namestovo"]
[Site "Namestovo"]
[Date "1987.??.??"]
[Round "14"]
[White "Lechtynsky, Jiri"]
[Black "Blatny, Pavel"]
[Result "1/2-1/2"]
[WhiteElo "2455"]
[BlackElo "2405"]

1.Nf3 Nf6 2.c4 d6 3.d4 Nbd7 4.Nc3 e5 5.Bg5 Be7 6.e3 c6 7.Qc2 O-O 8.Be2 a6
9.O-O Qc7 10.Rfd1 Re8 11.a3 Nf8 12.dxe5 dxe5 13.Bxf6 Bxf6 14.Ne4 Be7 15.c5 Bf5
16.b4 Bg6 17.Qc4 Rad8 18.h3 Ne6 19.Rxd8 Rxd8 20.Rd1 Rxd1+ 21.Bxd1 Qd7 22.Bb3 Qc7
23.Kf1 h6 24.Bc2 Nf8 25.Ned2 Qd7 26.Ke2 Bxc2 27.Qxc2 Qe6 28.Qc4 f6 29.e4 Kf7
30.Kd3 Ke8 31.Qxe6 Nxe6 32.g3 Bd8 33.Nc4 Bc7 34.Nh4 Kd7 35.Nf3 h5 36.Ke3 a5
37.Kd3 axb4 38.axb4 Bd8 39.h4 Bc7 40.Ke3 Bd8 41.Ne1 Bc7 42.Nd3 Nf8 43.f3 Ng6
44.Ndb2 Ne7 45.Nb6+ Bxb6 46.cxb6 Nc8 47.Na4 Ke7 48.f4 g6 49.fxe5 fxe5 50.Nc5 Nd6
51.Kd3 Kf7 52.Nd7 Ke6 53.Nc5+ Kf7 54.Nd7 Ke6 55.Nc5+ Kf7  1/2-1/2

[Event "Poznan"]
[Site "Poznan"]
[Date "1987.??.??"]
[Round "?"]
[White "Ernst, Thomas"]
[Black "Blatny, Pavel"]
[Result "1/2-1/2"]
[WhiteElo "2455"]
[BlackElo "2435"]

1.e4 e5 2.Nf3 Nc6 3.Bb5 a6 4.Ba4 Nf6 5.O-O Be7 6.Re1 b5 7.Bb3 O-O 8.c3 d5
9.exd5 Nxd5 10.Nxe5 Nxe5 11.Rxe5 c6 12.d4 Bd6 13.Re1 Qh4 14.g3 Qh3 15.Be3 Bg4
16.Qd3 Rae8 17.Nd2 Re6 18.a4 f5 19.Qf1 Qh5 20.f4 bxa4 21.Rxa4 Rb8 22.Bxd5 cxd5
23.Rxa6 Rbe8 24.Qf2 g5 25.b3 gxf4 26.gxf4 Qh3  1/2-1/2

[Event "Poznan"]
[Site "Poznan"]
[Date "1987.??.??"]
[Round "?"]
[White "Blatny, Pavel"]
[Black "Nowak, Ignacy"]
[Result "0-1"]
[WhiteElo "2435"]
[BlackElo "2400"]

1.e4 c5 2.c3 e6 3.d4 d5 4.e5 Nc6 5.Nf3 Qb6 6.a3 c4 7.g3 Bd7 8.Bg2 f6 9.O-O fxe5
10.dxe5 Be7 11.Qe2 O-O-O 12.Be3 Qc7 13.Bd4 Nh6 14.Nbd2 Nf5 15.g4 Nfxd4 16.cxd4 Qb6
17.b3 c3 18.Nb1 Nxd4 19.Nxd4 Qxd4 20.Rd1 Qf4 21.Nxc3 Kb8 22.Rd3 Rhf8 23.Rad1 Bc5
24.Rf3 Qg5 25.b4 Rxf3 26.Bxf3 Bb6 27.a4 Qf4 28.b5 Rc8 29.Qd3 Qxe5 30.Ne2 g6
31.h3 Rc4 32.Qa3 Bc5 33.Qa2 Bc8 34.Kg2 Bd6 35.Kf1 h5 36.Qb1 Qf6 37.Kg2 hxg4
38.hxg4 Rxa4 39.Qc2 Rc4 40.Qa2 Bc5 41.Rc1 Qh4 42.Rf1 e5 43.Ng1 Bxg4 44.Bxd5 Rc3
45.f3 Bc8 46.Qd2 Bd4 47.Be4 g5 48.Qe1 Rb3 49.Qxh4 gxh4 50.Kh1 Rxb5 51.Ne2 Bb2
52.f4 exf4 53.Nxf4 Bf5 54.Bg2 Ra5 55.Bf3 Ra1 56.Bd1 Bc2  0-1

[Event "Poznan"]
[Site "Poznan"]
[Date "1987.??.??"]
[Round "?"]
[White "Stempin, Pawel"]
[Black "Blatny, Pavel"]
[Result "1/2-1/2"]
[WhiteElo "2400"]
[BlackElo "2435"]

1.d4 Nf6 2.Nf3 g6 3.c4 Bg7 4.g3 c6 5.Bg2 d5 6.Nbd2 O-O 7.O-O Bf5 8.e3 Nbd7
9.Qe2 Ne4 10.Nh4 Nxd2 11.Bxd2 Be6 12.cxd5 cxd5 13.Bb4 Bf6 14.Rfc1 Qb6 15.Qd2 a5
16.Ba3 Rac8 17.Nf3 Nb8 18.Ne1 Rfd8 19.Nd3 Bf5 20.Nf4 Qb5 21.Bf1 Qb6 22.Be2 Rc6
23.Bc5 Qc7 24.Bb5 e5 25.dxe5 Rxc5 26.exf6 b6 27.Ne2 Rd6 28.Qd4 Bd7 29.Bd3 Rxc1+
30.Rxc1 Qd8 31.e4 Nc6 32.Rxc6 Rxc6 33.e5 Qc8 34.Qf4 Rc5 35.h4 Bb5 36.Bxb5 Rxb5
37.Nd4 Rb4 38.e6 fxe6 39.f7+ Kf8 40.Qf6 Qc1+ 41.Kg2 Rxd4 42.Qxd4 Kxf7 43.Qxb6 Qc4  1/2-1/2

[Event "Poznan"]
[Site "Poznan"]
[Date "1987.??.??"]
[Round "?"]
[White "Bernard, Ryszard"]
[Black "Blatny, Pavel"]
[Result "1/2-1/2"]
[WhiteElo "2335"]
[BlackElo "2435"]

1.e4 e5 2.Nf3 Nc6 3.Bb5 a6 4.Ba4 Nf6 5.O-O Be7 6.Re1 b5 7.Bb3 O-O 8.d3 Bb7
9.Nc3 Re8 10.Ng5 Rf8 11.Nf3 Bd6 12.a3 Ne7 13.Nh4 h6 14.Qf3 Nh7 15.Qh5 Kh8
16.Re3 g6 17.Qd1 Ng8 18.Rh3 Be7 19.Nf3 d6 20.Bxh6 Nxh6 21.Rxh6 Bc8 22.Nd5 Kg7
23.Qd2 Bg4 24.Nxe7 Qxe7 25.Rh4 Bxf3 26.Qh6+ Kf6 27.Qxh7 Rh8 28.Qxh8+ Rxh8
29.Rxh8 Bg4 30.Rh7 Be6 31.Bxe6 Qxe6 32.Rh3 Ke7 33.Re3 a5 34.b3 Qd7 35.Ree1 Qc6
36.c4 Qb6 37.a4 b4 38.g3 Qd4 39.Red1 Qc3 40.Rab1 Qc2 41.Kg2 Qe2 42.h4 c5  1/2-1/2

[Event "Poznan"]
[Site "Poznan"]
[Date "1987.??.??"]
[Round "?"]
[White "Blatny, Pavel"]
[Black "Woda, Jacek"]
[Result "1-0"]
[WhiteElo "2435"]
[BlackElo "2300"]

1.e4 e5 2.Nf3 Nc6 3.Bb5 a6 4.Ba4 Nf6 5.d4 exd4 6.O-O Be7 7.Re1 O-O 8.e5 Nd5
9.Bxc6 dxc6 10.Qxd4 Bf5 11.c3 c5 12.Qd1 c6 13.Na3 b5 14.Bd2 Qc8 15.Bg5 Rd8
16.Bxe7 Nxe7 17.Qc1 Qe6 18.Nc2 Bg4 19.Ng5 Qg6 20.Qf4 Bf5 21.Ne3 Bd3 22.e6 fxe6
23.Qe5 Rd7 24.Nxe6 c4 25.Nxg7 Kf7 26.Nh5 Rg8 27.Qf4+ Nf5 28.Ng3 Qh5 29.Qf3 Kg6
30.Nexf5 Bxf5 31.Re5 Rf7 32.h4 Qxh4 33.Rxf5  1-0

[Event "Poznan"]
[Site "Poznan"]
[Date "1987.??.??"]
[Round "?"]
[White "Blatny, Pavel"]
[Black "Przewoznik, Jan"]
[Result "1-0"]
[WhiteElo "2435"]
[BlackElo "2420"]

1.e4 d5 2.exd5 Qxd5 3.Nc3 Qa5 4.Nf3 Nf6 5.a3 c6 6.b4 Qc7 7.Bb2 Bf5 8.Bc4 e6
9.Qe2 Nbd7 10.Nd4 Bg6 11.O-O-O O-O-O 12.Bxe6 fxe6 13.Nxe6 Qd6 14.Nxd8 Kxd8
15.d3 Qc7 16.Ne4 Nxe4 17.dxe4 Qf4+ 18.Kb1 Qxe4 19.Qd2 Qf5 20.Rhe1 Kc8 21.Re3 Bf7
22.Re5  1-0

[Event "Poznan"]
[Site "Poznan"]
[Date "1987.??.??"]
[Round "?"]
[White "Bozek, Adam"]
[Black "Blatny, Pavel"]
[Result "1-0"]
[WhiteElo "2380"]
[BlackElo "2435"]

1.e4 e5 2.Nf3 Nc6 3.Bb5 Nge7 4.O-O a6 5.Ba4 Ng6 6.Nc3 Bc5 7.d3 O-O 8.Nd5 Nce7
9.Nxe7+ Qxe7 10.c3 d6 11.b4 Bb6 12.Bb3 h6 13.Be3 Kh8 14.Nd2 Bxe3 15.fxe3 Qg5
16.Qe2 Bg4 17.Nf3 Nh4 18.Kh1 f5 19.exf5 Bxf3 20.gxf3 Rxf5 21.Rf2 Raf8 22.Raf1 Qf6
23.Bd5 Qd8 24.Bxb7 g5 25.d4 Qe7 26.Be4 R5f6 27.Qd2 Nf5 28.Bxf5 Rxf5 29.dxe5 dxe5
30.Qd5 Qe8 31.Kg1 R5f6 32.Qe4 Qe6 33.c4 Rf5 34.b5 Qf6 35.a4 Rg8 36.bxa6 c6
37.a7 Qe6 38.Rb1 Rf7 39.Rb6 g4 40.f4 g3 41.Rg2 Rxa7 42.Rxc6 Qh3 43.Qxe5+ Rgg7
44.Rxg3 Rb7 45.Qe8+ Kh7 46.Qe4+ Kh8 47.Rcg6 Rbd7 48.Qa8+ Kh7 49.Rxg7+ Rxg7
50.Rxg7+  1-0

[Event "Tirnavia-B"]
[Site "Trnava"]
[Date "1987.??.??"]
[Round "5"]
[White "Blatny, Pavel"]
[Black "Karlik, Vladimir"]
[Result "1/2-1/2"]
[WhiteElo "2405"]
[BlackElo "2320"]

1.e4 g6 2.h4 d5 3.h5 Bg7 4.Nc3 d4 5.Nce2 Bg4 6.f3 Bd7 7.Ng3 e5 8.Bc4 b5 9.Bd5 c6
10.Bb3 Na6 11.d3 Nc5 12.f4 a5 13.Qf3 a4 14.Bxf7+ Kxf7 15.h6 Bxh6 16.fxe5+ Kg7
17.Bxh6+ Nxh6 18.Qf6+ Qxf6 19.exf6+ Kxf6 20.Rxh6 a3  1/2-1/2

[Event "Tirnavia-B"]
[Site "Trnava"]
[Date "1987.??.??"]
[Round "11"]
[White "Blatny, Pavel"]
[Black "Szymczak, Zbigniew"]
[Result "1-0"]
[WhiteElo "2405"]
[BlackElo "2390"]

1.e4 e6 2.d4 d5 3.Nc3 Bb4 4.e5 c5 5.a3 Bxc3+ 6.bxc3 Ne7 7.Qg4 O-O 8.Nf3 f5
9.exf6 Rxf6 10.Bg5 Qa5 11.Bxf6 Qxc3+ 12.Kd1 Qxa1+ 13.Kd2 Ng6 14.Bd3 Qxh1
15.Bxg6 gxf6 16.Qh4 hxg6 17.Qxf6 Qa1 18.Qd8+ Kg7 19.Qe7+ Kg8 20.Qe8+ Kg7
21.Qe7+ Kg8 22.Qd8+ Kg7 23.Qxc8 Nc6 24.Qxb7+ Ne7 25.Qxe7+ Kh6 26.Qh4+ Kg7
27.Qe7+ Kh6 28.g4 Qf1 29.g5+ Kh5 30.Qh7+ Kg4 31.Ne5+ Kf4 32.Qh4+  1-0

[Event "Tirnavia-B"]
[Site "Trnava"]
[Date "1987.??.??"]
[Round "12"]
[White "Duriga, Stefan"]
[Black "Blatny, Pavel"]
[Result "0-1"]
[WhiteElo "2285"]
[BlackElo "2405"]

1.Nf3 Nf6 2.g3 d5 3.Bg2 e6 4.O-O Be7 5.d3 O-O 6.c4 b6 7.Nc3 Bb7 8.Bf4 c6
9.e4 Nbd7 10.cxd5 cxd5 11.e5 Ne8 12.d4 Nc7 13.h4 b5 14.Qd2 b4 15.Nd1 Nb5
16.Bh3 Rc8 17.Ng5 h6 18.Nxe6 fxe6 19.Bxe6+ Kh8 20.Bxh6 Rc6 21.Bxd5 Rxh6 22.Bxb7 Nxe5
23.Qe3 Nc4 24.Qe2 Ncd6 25.Bg2 Nxd4 26.Qg4 Nc4 27.Ne3 Ne5 28.Qe4 Nef3+  0-1

[Event "Tirnavia-B"]
[Site "Trnava"]
[Date "1987.??.??"]
[Round "13"]
[White "Blatny, Pavel"]
[Black "Cervenka, Imrich"]
[Result "1-0"]
[WhiteElo "2405"]
[BlackElo "2250"]

1.e4 c6 2.d4 d5 3.e5 Bf5 4.h4 h5 5.c4 dxc4 6.Bxc4 e6 7.Nc3 Be7 8.Nf3 Bg4
9.Bg5 Nh6 10.Qd2 Bxf3 11.gxf3 Nf5 12.O-O-O Nd7 13.Bd3 Nxh4 14.Bxh4 Bxh4 15.Rdg1 Nf8
16.Qf4 g5 17.Qe3 f5 18.exf6 Qb6 19.f4 O-O-O 20.Ne2 c5 21.fxg5 cxd4 22.Qf4 Ng6
23.Bxg6 d3 24.Qxh4 dxe2 25.Qc4+ Kb8 26.Qxe2  1-0

[Event "Wch U20"]
[Site "Adelaide"]
[Date "1988.??.??"]
[Round "2"]
[White "Dimitrov, Vladimir"]
[Black "Blatny, Pavel"]
[Result "1-0"]
[WhiteElo "2380"]
[BlackElo "2490"]

1.e4 e5 2.Nf3 Nc6 3.Bb5 Bc5 4.O-O Qf6 5.Nc3 Nge7 6.Nd5 Nxd5 7.exd5 Nd4 8.Nxd4 Bxd4
9.c3 Bb6 10.d4 exd4 11.Re1+ Kf8 12.Qg4 h5 13.Qg3 c6 14.Bg5 h4 15.Qg4 d6 16.Qe4 Qe5
17.dxc6 Be6 18.cxb7 Qxe4 19.Rxe4 Rb8 20.Bc6 dxc3 21.bxc3 h3 22.Bf4 Ke7 23.Rd1 Bc5
24.Ra4 Rh5 25.Bf3 Rf5 26.g4 Rxf4 27.Rxf4 Bxa2 28.c4 g5 29.Re1+ Kf8 30.Rfe4  1-0